000
00268nam a22001217a 4500
041
_a
ENG
100
_a
Bose.A.N
245
_a
Aquaculturae Engineering
260
_a
New Delhi
_b
Oxford &Ibh Pub
_c
1998
300
_a
365
650
_a
SWCE ( 06 )
856
_u
SWCE ( 06 )
999
_c
2942
_d
2942